000 00622nam a22002057a 4500
003 OSt
005 20250708023937.0
008 250708b |||||||| |||| 00| 0 eng d
020 _a978-1-394-27838-1
040 _aDWC - Main Lib
_cOC
082 _aCirc. 004.6 L913n 2025
100 _aLowe, Daug
245 _aNetworking all in one for dummies/
_cDaug Lowe
250 _aNinth edition
260 _aHoboken:
_bJohn Wiley & Sons, Inc.,
_cc2025.
300 _axxiv, 934 pages:
_billustrations;
_c23 cm.
504 _aIncludes index.
650 _a1. Computer networks
942 _2ddc
_cBK-CIRC
_eNinth edition
_kCirc.
_n0
999 _c3441
_d3441